KOHA-Header-6

The 10 Natural laws of Successful time and life Management (Record no. 9130)

000 -LEADER
fixed length control field 00292nam a2200109Ia 4500
100 ## - MAIN ENTRY--AUTHOR NAME
Personal name Hyrum W.Smith
245 #4 - TITLE STATEMENT
Title The 10 Natural laws of Successful time and life Management
260 ## - PUBLICATION, DISTRIBUTION, ETC. (IMPRINT)
Place of publication USA
Name of publisher Time Warner
Year of publication 2012
300 ## - PHYSICAL DESCRIPTION
Number of Pages 254
942 ## - ADDED ENTRY ELEMENTS (KOHA)
Koha item type Books
Holdings
Withdrawn status Lost status Collection code Permanent Location Current Location Shelving location Date acquired Full call number Accession Number Koha item type
    Management MAJU MAJU   2019-09-14 910.4 4490 Management

Powered by Koha